Investment analysis and portfolio management / (Record no. 158238)

MARC details
000 -LEADER
fixed length control field 01035nam a22002777a 4500
005 - DATE AND TIME OF LATEST TRANSACTION
control field 20181023122825.0
010 ## - LCCN (DPL NO)
LC control number B-710623
020 ## - INTERNATIONAL STANDARD BOOK NUMBER
International Standard Book Number 0070599408
035 ## - SYSTEM CONTROL NUMBER
System control number B-710623
037 ## - SOURCE OF ACQUISITION
Source of stock number/acquisition Tata Mc Graw Hill Education
082 ## - DEWEY DECIMAL CLASSIFICATION NUMBER
Classification number 332.6
100 ## - MAIN ENTRY--PERSONAL NAME
Personal name Chandra, Prasanna
245 ## - TITLE STATEMENT
Title Investment analysis and portfolio management /
Statement of responsibility, etc by Prasanna Chandra
250 ## - EDITION STATEMENT
Edition statement 2nd ed.
260 ## - PUBLICATION, DISTRIBUTION, ETC. (IMPRINT)
Place of publication, distribution, etc New Delhi
Name of publisher, distributor, etc Tata McGraw-Hill Publishing
Date of publication, distribution, etc 2006
270 ## - ADDRESS
Address 7 West Patel Nagar
City New Delhi
Postal code 110008
300 ## - PHYSICAL DESCRIPTION
Extent 688p.
Other physical details ill.
Dimensions 24 cm.(pbk)
490 ## - SERIES STATEMENT
Series statement CFM-MH professional series in finance
500 ## - GENERAL NOTE
General note Includes bibliographical references and indexes.
650 ## - SUBJECT ADDED ENTRY--TOPICAL TERM
Topical term or geographic name as entry element Investments.
650 ## - SUBJECT ADDED ENTRY--TOPICAL TERM
Topical term or geographic name as entry element Investment analysis.
650 ## - SUBJECT ADDED ENTRY--TOPICAL TERM
Topical term or geographic name as entry element Portfolio management.
942 ## - ADDED ENTRY ELEMENTS (KOHA)
Source of classification or shelving scheme Dewey Decimal Classification
Item type English Books
Classification part 332.6
Call number suffix CHA
Holdings
Withdrawn status Lost status Not for loan Collection code Home library Current library Date acquired Source of acquisition Full call number Barcode Copy number Koha item type
      Non-fiction Ashok Vihar Ashok Vihar 23/10/2018 Gift/16-10-2018 332.6 CHA B-710623 1 English Books

© Delhi Public Library
Hit Counter
free hit counter